000 01133nam a2200313 i 4500
001 166448
003 ES-MaACL
005 20250928105547.0
008 000211s1898 phlbe |||| |cspa d
040 _aCCPB | B
_bspa
_cCCPB | B
080 _a929 Toral, José
080 _a929 Toral, Juan
080 _a94(599)"1896/98"(093.3)
100 1 _aToral, Juan.
_9133298
245 1 3 _aEl sitio de Manila (1898)
_b: memorias de un voluntario /
_cJuan y José Toral.
260 _aManila :
_b[s.n.],
_c1898 (
_fImp. Litogr. Partier)
300 _a321 p., [5] h. de plan. ;
_c22 cm.
510 4 _aPalau,
_c334164
530 _aDisponible en formato digital.
599 _aLas h. de plan., 3 pleg., en col.
600 1 4 _aToral, Juan.
_9133298
600 1 7 _aToral, José,
_d1874-1935
_2
_9159961
651 4 _aFilipinas-
_xHistoria-
_y1896-1898, Insurrección.
_9155351
700 1 _aToral, José,
_d1874-1935
_9159961
752 _aFilipinas -
_dManila
852 _aES-MaACL
_jF-2792
_z- Enc. hol.
856 _uhttp://bdh-rd.bne.es/viewer.vm?id=0000124401&page=1
_zBiblioteca Digital Hispánica
999 _c166448
_d166448